<?xml version="1.0" encoding="UTF-8"?>
<record
    xmlns:xsi="http://www.w3.org/2001/XMLSchema-instance"
    xsi:schemaLocation="http://www.loc.gov/MARC21/slim http://www.loc.gov/standards/marcxml/schema/MARC21slim.xsd"
    xmlns="http://www.loc.gov/MARC21/slim">

  <leader>01576nam a2200277 a 4500</leader>
  <controlfield tag="001">BRCA_8510</controlfield>
  <controlfield tag="003">FranzMayer</controlfield>
  <controlfield tag="005">20230724105915.0</controlfield>
  <controlfield tag="008">300616s1773----sp-#######---#000-0#spa-#</controlfield>
  <datafield tag="040" ind1=" " ind2=" ">
    <subfield code="a">MFM</subfield>
    <subfield code="b">spa</subfield>
    <subfield code="c">MFM</subfield>
  </datafield>
  <datafield tag="041" ind1=" " ind2=" ">
    <subfield code="a">spa</subfield>
  </datafield>
  <datafield tag="044" ind1=" " ind2=" ">
    <subfield code="a">sp</subfield>
  </datafield>
  <datafield tag="084" ind1=" " ind2=" ">
    <subfield code="a">BE15</subfield>
    <subfield code="b">.S47 1773</subfield>
  </datafield>
  <datafield tag="245" ind1="1" ind2="0">
    <subfield code="a">Sermones sobre varios asuntos</subfield>
    <subfield code="b">tomo II</subfield>
    <subfield code="c">escritos en franc&#xE9;s y traducidos al castellano por don Nicolas de Labarre.</subfield>
  </datafield>
  <datafield tag="260" ind1=" " ind2=" ">
    <subfield code="a">Madrid</subfield>
    <subfield code="b">En la Oficina de Joseph Doblado</subfield>
    <subfield code="c">1773</subfield>
  </datafield>
  <datafield tag="300" ind1=" " ind2=" ">
    <subfield code="a">[2], 342 p. (t.2)</subfield>
    <subfield code="c">21.5 x 15 cm.</subfield>
  </datafield>
  <datafield tag="500" ind1=" " ind2=" ">
    <subfield code="a">Estado f&#xED;sico : Ciertas hojas presentan manchas</subfield>
  </datafield>
  <datafield tag="500" ind1=" " ind2=" ">
    <subfield code="a">Con marca de fuego : &#xB4;Procedencia de la marca: Colegio Jesuita de San Francisco Xavier de la Ciudad de Quer&#xE9;taro(1). Instituci&#xF3;n: Provincia Mexicana de la Compa&#xF1;&#xED;a de Jes&#xFA;s. Descripci&#xF3;n: Iniciales S. Xr. Q. que se desata como S[an] X[avie]r [de] Q[uer&#xE9;taro.]. Observaciones: A falta de un testimonio de pertenencia se hace la atribuci&#xF3;n de la marca en funci&#xF3;n a la realizada por David Saavedra Vega. Se espera localizar otro ejemplar que corrobore esta atribuci&#xF3;n. Ubicaci&#xF3;n de la marca en el libro: Canto superior&#xB4;</subfield>
  </datafield>
  <datafield tag="505" ind1="0" ind2=" ">
    <subfield code="a">Contenido : t.2, pte.2da. Moral</subfield>
  </datafield>
  <datafield tag="650" ind1="1" ind2="4">
    <subfield code="a">Sermones franceses</subfield>
    <subfield code="y">Siglo XVII - Obras anteriores a 1700</subfield>
    <subfield code="9">21343</subfield>
  </datafield>
  <datafield tag="700" ind1="1" ind2=" ">
    <subfield code="a">Doblado, Jos&#xE9;</subfield>
    <subfield code="9">21344</subfield>
  </datafield>
  <datafield tag="700" ind1="1" ind2=" ">
    <subfield code="a">Labarre, Nicol&#xE1;s de</subfield>
    <subfield code="e">tr.</subfield>
    <subfield code="9">21345</subfield>
  </datafield>
  <datafield tag="856" ind1=" " ind2=" ">
    <subfield code="a">http://www.marcasdefuego.buap.mx:8180/xmLibris/projects/firebrand/item.jsp?repository=marcas_de_fuego&amp;key=marcas_de_fuego_marcas_de_fuego_20151006120916_4064.xml&amp;num=5</subfield>
  </datafield>
  <datafield tag="902" ind1=" " ind2=" ">
    <subfield code="a">CFM</subfield>
  </datafield>
  <datafield tag="942" ind1=" " ind2=" ">
    <subfield code="2">lcc</subfield>
    <subfield code="c">B</subfield>
  </datafield>
  <datafield tag="999" ind1=" " ind2=" ">
    <subfield code="c">8176</subfield>
    <subfield code="d">8176</subfield>
  </datafield>
  <datafield tag="952" ind1=" " ind2=" ">
    <subfield code="0">0</subfield>
    <subfield code="1">0</subfield>
    <subfield code="2">lcc</subfield>
    <subfield code="4">0</subfield>
    <subfield code="7">0</subfield>
    <subfield code="8">CFM</subfield>
    <subfield code="a">BRCA</subfield>
    <subfield code="b">BRCA</subfield>
    <subfield code="d">2016-06-30</subfield>
    <subfield code="e">Donaci&#xF3;n</subfield>
    <subfield code="l">0</subfield>
    <subfield code="o">BE15 .S47 1773</subfield>
    <subfield code="p">CFM00015</subfield>
    <subfield code="r">2019-03-22 00:00:00</subfield>
    <subfield code="w">2019-03-22</subfield>
    <subfield code="y">B</subfield>
  </datafield>
</record>
